|
|
|
|
| LEADER |
00000nam a22000007a 4500 |
| 005 |
20191216223231.0 |
| 007 |
cr|||| |||| |
| 008 |
191216s2019 br |||||s|||| 00||0 por d |
| 020 |
|
|
|a 978-85-301-0035-3
|
| 035 |
|
|
|a 30897
|
| 040 |
|
|
|a vLex
|
| 090 |
|
|
|c 10076
|d 10076
|
| 100 |
1 |
|
|a Guimarês Feliciano, Guilherme
|
| 245 |
1 |
0 |
|a O trabalho alm̌ do direito do trabalho
|h [Recurso electrn̤ico] /
|c Guilherme Guimarês Feliciano, Olv̕ia de Quintana Figueiredo Pasqualeto
|
| 256 |
|
|
|a Servicio en ln̕ea
|
| 260 |
|
|
|a San Pablo:
|b LTR,
|c 2019
|
| 300 |
|
|
|a 1 recurso electrn̤ico
|
| 500 |
|
|
|a A presente obra foi construd̕a por juz̕es, advogados, procuradores e pesquisadores do Direito do Trabalho com o props̤ito de engendrar olhares mais atentos para milhares de trabalhadores – marginalizados e invisibilizados – que estô a nossa volta: catadores de material reciclv̀el, cortadores de cana-de-aċ︢ar, flanelinhas, homens-placa, trabalhadores infantis, trabalhadores do sexo, operr̀ios do narcotrf̀ico, prestadores de trabalho religioso, trabalhadores uberizados, dentre tantos outros. Demonstrar que h ̀trabalho para alm̌ do Direito do Trabalho ̌o primeiro passo para equilibrar as impotn̊cias do juslaboralismo contemporńeo. Eis o nosso papel.
|
| 506 |
1 |
|
|a Disponible solo en los productos indicados
|d vLex Global
|d vLex Global (Academic Edition, excluding Law Schools)
|d vLex Global (U.S. Academic Edition, Law Schools)
|d vLex Global (U.S. Academic Edition, excluding Law Schools)
|d vLex Global (Academic Edition, Law Schools)
|
| 650 |
0 |
4 |
|a Derecho Laboral y Seguridad Social
|z Brasil
|
| 700 |
1 |
|
|a Figueiredo Pasqualeto, Olv̕ia de Quintana
|
| 740 |
0 |
|
|a vLex Libros (Servicio en ln̕ea)
|
| 856 |
4 |
0 |
|u http://vlex.com/source/trabalho-alem-do-direito-do-trabalho-30897
|z Acceso restringido
|
| 942 |
|
|
|c BOOK
|
| 999 |
0 |
|
|a Labor law and social security
|